| 000 | 00760nam a2200229 i 4500 | ||
|---|---|---|---|
| 001 | 000021939 | ||
| 003 | DO-SdBNP | ||
| 005 | 20240731093501.0 | ||
| 008 | 100915s1997 dr 000 0 spa d | ||
| 040 |
_aDO-SdBNP _bspa _cBNPHU _erda |
||
| 082 |
_bR173h _222 |
||
| 100 | 1 |
_aRamírez Santana, Higinio _eautor _945523 |
|
| 245 | 1 | 0 |
_aHato Mayor 1916 / _cHiginio Ramírez Santana ; prólogo Leopoldo Grullón. |
| 264 |
_aHato Mayor : _bEditora no identificada, _c1997. |
||
| 300 |
_a61 p. ; _c21 cm. |
||
| 590 | _aInventariado, 2024/DG | ||
| 650 | 4 |
_aCiudades y pueblos _zRepública Dominicana _9784 |
|
| 650 | 4 |
_aHato Mayor (República Dominicana) _xHistoria local _986191 |
|
| 700 | 1 |
_aGrullón, Leopoldo _eprólogo _945524 |
|
| 910 | _aDG | ||
| 942 |
_2ddc _cLBS1 |
||
| 999 |
_c21437 _d21437 |
||